00496nam a2200157Ia 4500003000900000008004100009040001600050080002100066245011100087260003900198300001100237650002500248650002500273650001900298700002100317IN-BaIIA211028s9999 xx 000 0 eng d cIIA Library a058.7:6(54)bARO 0aKothari's industrial directory of Indiacedited by S. Arokiasamy  aMadras,bKothari Enterprisesc1992 avaries aDirectory-Industries aIndustries-Directory aNASA Thesaurus aArokiasamy, S ed